| 000 | 00402nam a2200169Ia 4500 | ||
|---|---|---|---|
| 008 | 241115s9999 xx 000 0 und d | ||
| 020 | _a81-7656-560-1 | ||
| 082 | _a004 SIN | ||
| 100 | _aSinha, P. K. | ||
| 245 | 0 | _aFoundation of Computing | |
| 250 | _a.NA | ||
| 260 |
_bBPB Publications _c2002: |
||
| 300 | _axx,589p. | ||
| 600 | _aComputer Science | ||
| 650 | _aComputer Science | ||
| 942 | _cBBD | ||
| 999 |
_c25248 _d25248 |
||